00448nam a2200181Ia 4500008004100000020001800041050001400059100001600073245003400089245005000123260001500173260001600188260000900204300001500213300002000228300001000248500000800258170918s9999 xx 000 0 und d a9780439442141 bK655 2000 aKline, Suzy aHorrible Harry at halloween / cby Suzy Kline ; pictures by Frank Remkiewecz. aNew York : bScholastic, c2000 a53 pages : billustrations ; c19cm. a370